Statistics for iCarly

Click here to take the quiz!

General Stats

  • This quiz has been taken 1,284 times
    (1,281 since last reset)
  • The average score is 7 of 10

Answer Stats

HintAnswer% Correct
Carly's brotherSpencer
99%
How many episodes did Carly and Freddie date?One
86%
Spencer's jobArtist
82%
Spencer's signature dishSpaghetti tacos
73%
Groovy Smoothie's ownerT-Bo
66%
What candy set Carly's room on fireGummy bears
64%
New edition to the webcast's (person)Gibby
61%
What does Carly's brother always do to objects?set on fire
49%
A fan that trapped Carly, Sam, and FreddieNora
48%
Newest guest star(s) on the showOne Direction
32%

Score Distribution

Percentile by Number Answered

Percent of People with Each Score

Your Score History

You have not taken this quiz since the last reset